Top 20 Countries where Britons have emigrated to around the World - Statistics

General Stats
  • This quiz has been taken 147 times
  • The average score is 12 of 20
Answer Stats
Hint Answer % Correct
1,277,474 Australia
98%
674,371 Canada
98%
758,919 USA
98%
381,025 Spain
97%
313,850 New Zealand
94%
96,938 Germany
91%
305,660 South Africa
84%
253,605 Ireland
80%
48,977 Netherlands
74%
27,835 Belgium
70%
47,327 Switzerland
60%
37,020 Poland
57%
33,856 UAE
53%
28,008 Turkey
48%
31,361 Saudi Arabia
39%
27,351 Indonesia
27%
42,854 Cyprus
26%
32,852 Bangladesh
11%
73,030 Channel Islands
2%
39,344 Isle of Man
2%
No matching quizzes found
Score Distribution
Percent of People with Each Score
Percentile by Number Answered
Your Score History
You have not taken this quiz